000 00735cam a2200205 i 4500
005 20251110101152.0
008 250721s2023 jo gr 000 0 ara d
020 _a9789779923055
082 1 4 _a158
_bق ر ط
100 1 _aقرطام، اشرف
_eمؤلف.
245 1 2 _aالهدية :
_bرحلة تدريب بحثًا عن المعنى و السعادة /
_cأشرف قرطام.
250 _aالطبعة الاولى.
264 3 1 _aالقاهرة :
_bعصير الكتب للنشروالتوزيع،
_c2023.
300 _a270 صفحة.
650 1 7 _aالسعادة.
650 1 7 _aالتنمية البشرية.
650 1 7 _aعلم النفس الايجابي.
942 _2ddc
_cBK
999 _c146049
_d146049